Michael...? - Statistics

General Stats
  • This quiz has been taken 46 times
  • The average score is 5 of 8
Answers on the Grid
Answers color-coded by a green-red scale on the quiz's grid according to % correct below.
Michael Jackson
Michael Scott
Michael Jordan
Michael Corleone
Michael Wazowski
Michael Phelps
Michael Faraday
Michael Tyson
Michael Myers
Michael Schumacher
Michael Ross
Michael Caine
Michael Bloomberg
Michael Scofield
Michael Ehrmantraut
Michael Kelso
 
Answer Stats
Answer % Correct
Michael Jackson
100%
Michael Phelps
74%
Michael Jordan
71%
Michael Tyson
53%
Michael Schumacher
45%
Michael Bloomberg
42%
Michael Faraday
42%
Michael Caine
34%
No matching quizzes found
Score Distribution
Percent of People with Each Score
Percentile by Number Answered
Your Score History
You have not taken this quiz